|
|
|
|
| LEADER |
00000cam a2200000 7i4500 |
| 001 |
0000088113 |
| 005 |
20110805.0 |
| 008 |
110805 eng |
| 020 |
|
|
|a 185368158X
|
| 090 |
0 |
0 |
|a 745.592 ATT
|
| 100 |
1 |
|
|a Attwell, Gail
|
| 245 |
1 |
0 |
|a Make Your Own Soft Toys
|c Gail Attwell
|
| 260 |
|
|
|a London :
|b New Holland ,
|c 1993
|
| 300 |
|
|
|a 95p. :
|b col.ill. ;
|c 30cm.
|
| 650 |
0 |
0 |
|a Soft Toys
|
| 999 |
|
|
|a 0000112013
|b Buku
|c Rujukan
|e Perbadanan Perpustakaan Awam Melaka
|
| 999 |
|
|
|a 0000335485
|b Buku
|c Rujukan
|e Perpustakaan Cawangan Jasin
|
| 999 |
|
|
|a 0000410662
|b Buku
|c Rujukan
|e Perbadanan Perpustakaan Awam Melaka
|
| 999 |
|
|
|a 22567
|b Buku
|c Rujukan
|e Perpustakaan Cawangan Masjid Tanah
|
| 999 |
|
|
|a 4760
|b Buku
|c Rujukan
|e Perpustakaan Cawangan Merlimau
|